Biological science / (Record no. 5889)
[ view plain ]
| 000 -LEADER | |
|---|---|
| fixed length control field | 01376cam a2200265 i 4500 |
| 001 - CONTROL NUMBER | |
| control field | 2754733 |
| 003 - CONTROL NUMBER IDENTIFIER | |
| control field | OSt |
| 005 - DATE AND TIME OF LATEST TRANSACTION | |
| control field | 20210414114514.0 |
| 008 - FIXED-LENGTH DATA ELEMENTS--GENERAL INFORMATION | |
| fixed length control field | 791031s1980 nyua b 001 0 eng |
| 010 ## - LIBRARY OF CONGRESS CONTROL NUMBER | |
| LC control number | 79024387 |
| 020 ## - INTERNATIONAL STANDARD BOOK NUMBER | |
| International Standard Book Number | 0393950212 |
| 040 ## - CATALOGING SOURCE | |
| Original cataloging agency | DLC |
| Transcribing agency | DLC |
| Modifying agency | DLC |
| 050 10 - LIBRARY OF CONGRESS CALL NUMBER | |
| Classification number | QH308.2.K44 |
| 082 00 - DEWEY DECIMAL CLASSIFICATION NUMBER | |
| Classification number | 574 |
| 100 1# - MAIN ENTRY--PERSONAL NAME | |
| Personal name | Keeton, William T. |
| 245 10 - TITLE STATEMENT | |
| Title | Biological science / |
| Statement of responsibility, etc. | William T. Keeton ; illustrated by Paula Di Santo Bensadoun. |
| 250 ## - EDITION STATEMENT | |
| Edition statement | 3d ed. |
| 260 ## - PUBLICATION, DISTRIBUTION, ETC. | |
| Place of publication, distribution, etc. | New York : |
| Name of publisher, distributor, etc. | Norton, |
| Date of publication, distribution, etc. | 1980. |
| 300 ## - PHYSICAL DESCRIPTION | |
| Extent | xv, 1080, 51 p. : |
| Other physical details | ill. ; |
| Dimensions | 26 cm. |
| 500 ## - GENERAL NOTE | |
| General note | Includes bibliographies and index. |
| 505 ## - FORMATTED CONTENTS NOTE | |
| Formatted contents note | Contents: Introduction -- Some simple chemistry cellular basic of life -- Cell units of structure and function -- Energy transformations -- Nutrient procurement and processing -- Gas exchange -- Internal transport -- Regulation of body fluids -- Chemical control -- Nervous control -- Effectors -- Animal behavior -- Cellular reproduction -- Patterns of inheritance -- The nature of the gene and its action -- Development: aspects of cellular control -- Development : from ECG to organism -- Evolution -- Ecology -- The origin and early evolution of life -- The protistan kingdom -- The plant kingdom -- The fungal kingdom -- The animal kingdom. |
| 650 #0 - SUBJECT ADDED ENTRY--TOPICAL TERM | |
| Topical term or geographic name entry element | Biology. |
| 906 ## - LOCAL DATA ELEMENT F, LDF (RLIN) | |
| a | 7 |
| b | cbc |
| c | orignew |
| d | 1 |
| e | ocip |
| f | 19 |
| g | y-gencatlg |
| 942 ## - ADDED ENTRY ELEMENTS (KOHA) | |
| Source of classification or shelving scheme | Library of Congress Classification |
| Koha item type | Books |
| Withdrawn status | Lost status | Source of classification or shelving scheme | Damaged status | Not for loan | Collection code | Home library | Current library | Shelving location | Date acquired | Total Checkouts | Full call number | Barcode | Date last seen | Copy number | Price effective from | Koha item type |
|---|---|---|---|---|---|---|---|---|---|---|---|---|---|---|---|---|
| Library of Congress Classification | Non-fiction | WISCONSIN INTERNATIONAL UNIVERSITY COLLEGE, GHANA - MAIN LIBRARY | WISCONSIN INTERNATIONAL UNIVERSITY COLLEGE, GHANA - MAIN LIBRARY | nursing | 17/02/2016 | QH308.2.K44 | NURS/025/16 | 17/02/2016 | 1 | 17/02/2016 | Books |
